000
00479nam a2200145Ia 4500
008
090122s9999 xx 000 0 und d
082
_b
9087
_a
891.433
100
_a
सिन्हा
_b
सुरेश
245
_a
11 श्रेष्ठ कहानियाँ
600
_a
सिन्हा
630
_a
11 श्रेष्ठ कहानियाँ
700
_a
सिन्हा
730
_a
11 श्रेष्ठ कहानियाँ
942
_c
BOOK
999
_c
33164
_d
33164